000 00360nam a2200133Ia 4500
005 20260326100036.0
008 260326s9999||||xx |||||||||||||| ||und||
100 _aRubiano Caballero, Germán
245 0 _aEscultura Colombiana del Siglo XX /
_cGermán Rubiano Caballero
260 _bFondo Cultural Cafetero
300 _a203 p.
650 _aARTE
942 _cBK
999 _c6826
_d6826